| 000 | 00583nam a2200205 u 4500 | ||
|---|---|---|---|
| 005 | 20210223132603.0 | ||
| 008 | 150323s2006 mx r 000 0 spa d | ||
| 020 | _a9681680774 | ||
| 035 | _aUPN01000202703 | ||
| 049 | _aI | ||
| 050 | 4 |
_aPZ74.3 _bL8.2 |
|
| 100 | 1 |
_aLuján, Jorge _932768 |
|
| 245 | 1 | 0 |
_aAccidente celeste / _cJorge Luján ; il. Piet Grobler. |
| 260 |
_aMéxico : _bFCE, _c2006. |
||
| 300 |
_a[24] p. : _bil. col. |
||
| 440 | 4 | _aLos especiales de A la orilla del viento | |
| 650 | 4 |
_aPOESIA INFANTIL ARGENTINA _911596 |
|
| 905 | _aInfantil | ||
| 999 |
_c174804 _d174804 |
||